Statistics for One Word Movies A-Z

Click here to take the quiz!

General Stats

  • This quiz has been taken 282 times
  • The average score is 16 of 26

Answer Stats

HintMovie% Correct
JGiant shark eats skinny dippersJaws
96%
RBalboa's first nameRocky
92%
AHighest grossing movie before the
release of "Endgame"
Avatar
91%
CBergman–Bogart classicCasablanca
83%
OBased on a Dickens novelOliver!
78%
VHitchcock movie about a former
detective who is afraid of heights
Vertigo
75%
BFREEEDOOMM!!Braveheart
74%
HMichael MyersHalloween
74%
MDisney movie whose 2020
live action remake flopped
Mulan
72%
IDream technicians control dreamsInception
64%
D"Slightly" psychotic Marvel heroDeadpool
62%
TBased on the story named "Iliad"Troy
61%
EAnimated princess comes to NYCEnchanted
60%
KSecret Service / Golden CircleKingsman
57%
PFirst foreign language movie to win
the Oscars Best Picture
Parasite
56%
N1922 German "Dracula" movieNosferatu
55%
SCuban immigrant takes on a cartelScarface
52%
ZHis looks include
"Blue Steel" and "Magnum"
Zoolander
51%
FSalma Hayek's most famous movieFrida
49%
UClint Eastwood western classicUnforgiven
48%
LWoman transforms into a merciless
warrior beyond human logic
Lucy
47%
WEarned J. K. Simmons an OscarWhiplash
47%
XXander Cage is its protagonistXXX
35%
G2001 Oscars Best PictureGladiator
34%
Y"Papa Can You Hear Me?"Yentl
33%
QPhilip Kaufman movie that stars
Kate Winslet and Geoffrey Rush
Quills
17%

Score Distribution

Percentile by Number Answered

Percent of People with Each Score

Your Score History

You have not taken this quiz